Život na učilišti, to je pestrá mozaika

Bibliographic Details
Main Author: Filipovičová, Pira (Author)
Format: Article
Language:Slovak
PhysicalDescription:Obr. 4.
Subjects:

MARC

LEADER 00000nab a2200000 a 4500
001 vtls000148063
003 SK-MaSNL
005 20260302205912.0
008 111104c1983 xo 0 slo
015 |a SNBRB19rr/mm-uuuuu 
035 |a CL0158170 
040 |a SNKBUCL  |b slo  |c SNKBUCL  |e AACR2 
041 0 |a slo 
044 |a xo  |c SK 
080 |a 377.35(437.624)  |2 1981 
100 1 |a Filipovičová, Pira  |4 aut  |9 927504 
245 1 0 |a Život na učilišti, to je pestrá mozaika  |c Pira Filipovičová 
300 |b Obr. 4. 
650 0 7 |a učilištia stredné  |2 snkbucl  |9 923909 
650 0 7 |a Stredné odborné učilište, Senica nad Myjavou  |2 snkbucl  |9 932275 
651 7 |a 5208  |2 snkbucl  |9 277766 
655 7 |a články z novín a časopisov  |2 snkbucl  |9 267496 
773 0 |t Technické noviny  |g Roč. 31, č. 18 (1983), s. 14 
850 |a Slovenská národná knižnica v Martine  |a MTA001 
852 |a SNK  |b KIS3GCP 
958 |a RK 
992 |a RBX 
999 |c 1480021  |d 1481951